Statistics for Percy Jackson Book Characters

Click here to take the quiz!

General Stats

  • This quiz has been taken 1,933 times
  • The average score is 13 of 15

Answer Stats

Hint Answer % Correct
Main characterPercy Jackson
99%
Satyr CompanionGrover
92%
God of The SkyZeus
90%
God of the UnderworldHades
90%
Main Character's half-brotherTyson
89%
Main Female CharacterAnnabeth Chase
88%
God of warAres
87%
Goddess of WisdomAthena
87%
Goddess of MarriageHera
86%
God of the SeaPoseidon
84%
God of the SunApollo
84%
Goddess of the HuntArtemis
81%
Goddess of LoveAphrodite
80%
Main characters full name (real)Perseus Jackson
69%
Camp DirectorDionysus
69%

Score Distribution

Percentile by Number Answered

Percent of People with Each Score

Your Score History

You have not taken this quiz